00425nam a2200157Ia 4500003000400000008004100004040001600045082001800061100002000079245005400099260004100153300001000194650002300204650002600227650001400253GCL140319s9999 xx 000 0 eng d aGCL / cGCL04a820.9492bB A1 aBATCHELOR, JOHN10aTHE ART OF LITERARY BIOGRAPHY / cBATCHELOR, JOHN a[S.N] : bCLARENCLON PRESS ، c1995 a289 P04aENGLISH LITERATURE04aHISTORY AND CRITICISM04aBIOGRAPHY